000 00608nas a2200229 i 4500
001 878
003 ES-MaACL
005 20250217133955.0
007 t|
008 950801d19061923ja ar m | 1 |eng d
080 _a52
245 0 0 _aFinancial and economic annual of Japan.
260 _aTokyo :
_bGovernment Printing Office,
_c[1906-1923?]
300 _av. ;
_c28 cm.
310 _aAnual
362 1 _aComenzó con: n. 6 (1906)
650 4 _aEconomía-
_zJapón.
_9174750
651 4 _aJapón-
_xSituación económica.
_9161757
852 4 _aES-MaACL
_jC-2318
866 1 _o1923
999 _c878
_d878